Statistics for Countries Bordering 8 Other countries

Click here to take the quiz!

General Stats

  • This quiz has been taken 20 times
  • The average score is 4 of 6

Answer Stats

A Country it BordersAnswer% Correct
ItalyFrance
94%
GermanyAustria
89%
IranTurkey
50%
HungarySerbia
44%
UgandaTanzania
39%
Democratic Republic of the CongoZambia
33%

Score Distribution

Percentile by Number Answered

Percent of People with Each Score

Your Score History

You have not taken this quiz